| 000 | 00789cab a2200229 4500 | ||
|---|---|---|---|
| 001 | X89894 | ||
| 008 | 090401t1998 xxu||||| |||| 00| 0 eng d | ||
| 035 | _a(Sirsi) u84340 | ||
| 041 | _aeng | ||
| 245 | _aAlbion v Railtrack | ||
| 260 | _c1998 | ||
| 350 | _a0 | ||
| 490 |
_aNew Property Cases _v[1998] NPC 21 (1) |
||
| 520 | _aDC 10 February 1998. Environmental law - whether a notice pursuant to Prevention of Damage by Pests Act 1949 s4 was invalid by virtue of the nature of its signature. HEADNOTE FROM JOURNAL - DO NOT PHOTOCOPY. | ||
| 650 | _aALBION V RAILTRACK | ||
| 650 | _aENVIRONMENTAL LAW | ||
| 650 | _aPREVENTION OF DAMAGE BY PESTS ACT 1949 | ||
| 650 | _aPUBLIC HEALTH ACT 1936 | ||
| 690 | _aENVIRONMENTAL AND LAND CONSULTANCY | ||
| 942 | _n0 | ||
| 948 | _c19/02/1998 | ||
| 999 |
_c53002 _d53002 |
||